000 00494nam a22001577a 4500
003 OSt
005 20250904144853.0
008 250402b |||||||| |||| 00| 0 eng d
040 _c0
082 _aDPer 372.05 El262 March-June 2023 v. 123 n. 3-4
245 _aThe Elementary School Journal /
260 _aUSA ;
_bUniversity of Chicago Press ,
_cMarch-June 2023.
300 _aVolume 123, various paging :
_billustrations ;
_c27 cm.
650 0 _aElementary schools.
_948438
942 _2ddc
_cPER
999 _c23605
_d23605